000 00968cam a2200265 4500
008 030717n2003 000 0 eng u
020 _a0727732315
035 _a(Sirsi) u123046
041 _aeng
050 _a624.08
_c18
110 _aInstitution of Civil Engineers
_91402
245 _aICE conditions of contract
_bpartnering addendum
260 _aLondon
_bThomas Telford
_c2003
300 _aviii, 5p.
_c30cm.
520 _aConditions of contract and schedules to be used in conjuction with a bi-party contract. This partnering addendum introduces into a contract criteria normally associated with multi-party partnering arrangements for a project or programme of works.
650 _aICE CONDITIONS OF CONTRACT
650 _aPARTNERING
650 _aCONTRACT
650 _aCIVIL ENGINEERING CONTRACTS
650 _aENGINEERING CONTRACTS
650 _aACE
650 _aCECA
690 _aBUILT ENVIRONMENT-BUILDING CONTRACT FORMS
942 _n0
999 _c102989
_d102989